000 02178cam a2200505 a 4500
001 ocn709681100
003 OCoLC
005 20200314134312.0
008 110404s2011 txua c b 000 0 eng
010 _a 2011011430
020 _a9781935955061 (paper)
020 _a1935955063 (paper)
035 _a(OCoLC)709681100
_z(OCoLC)747530909
_z(OCoLC)781773009
_z(OCoLC)786000663
040 _aDLC
_beng
_cDLC
_dIG#
_dIF9
_dYDXCP
_dRB0
_dBRL
_dHCO
041 1 _aeng
_hspa
042 _alcac
_apcc
043 _an-us-nm
049 _aORXA
050 0 0 _aPZ74.1
_b.H32 2011
082 0 0 _a398.209789
_223
092 _fSPANISH j
_a398.209789 HAYES 2011
100 1 _aHayes, Joe.
245 1 3 _aEl coyote debajo de la mesa =
_bThe coyote under the table : folktales told in Spanish and English /
_cby Joe Hayes ; illustrations by Antonio Castro L.
246 3 1 _aThe coyote under the table
250 _a1st ed.
260 _aEl Paso, TX :
_bCinco Puntos Press,
_c2011.
300 _a133 pages :
_billustrations ;
_c23 cm.
336 _atext
_btxt
_2rdacontent.
337 _aunmediated
_bn
_2rdamedia.
338 _avolume
_bnc
_2rdacarrier.
504 _aIncludes bibliographical references (as 'Notes to readers and storytellers') (pages 131-133).
505 0 _aIf I were an eagle -- What am I thinking? -- The golden slippers -- Caught on a nail -- How to grow boiled beans -- The coyote under the table -- The tale of the spotted cat -- The little snake -- The magic ring -- The man who couldn't stop dancing.
520 _aA collection of ten classic tales from Northern New Mexico retold in Spanish and English.
546 _aParellel texts in English and Spanish = Textos paralelos en ingles y espanol.
650 0 _aTales
_zNew Mexico.
650 7 _aCuentos populares
_zNuevo Mexico
_vLiteratura juvenil.
_2bidex.
650 7 _aFolklore
_zNuevo Mexico
_vLiteratura juvenil.
_2bidex.
650 7 _aLibros bilingues.
_2bidex.
655 7 _aFolklore.
_2gsafd.
655 7 _aSpanish language materials
_xBilingual.
_2lcshac.
690 _aSpanish language edition
_vJuvenile nonfiction.
700 1 _aCastro, Antonio,
_d1941-
942 _cBK
_2ddc
999 _c21098
_d21098